000 00726nam a22002297a 4500
005 20170124105952.0
010 _aA-292712
020 _c00.00
035 _aA-292712
037 _bCen Lib/Ret
040 _aDPL
_bEN
082 _a332
_bKAL
100 _aKalkundrikar, A. B
_913873
245 _aBanking law and practice /
_cby A. B. Kalkundrikar [and] M. N. Kembhavi
260 _aBombay
_bHimalaya Publishing House
_c1987
270 _a"Ramdoot" Dr. Bhalerao Marg, Girgaon
_bBombay
_e400004
300 _aviii,192p.
_c21cm(Hb)
650 _aBanking law
_98133
650 _aBanks and banking, Foreign--Law and legislation
_913874
700 _aKembhavi, M. N
_913875
942 _2ddc
_cEN
_h332
_mKAL
999 _c125363
_d125363